The art of Greece and Rome /

Bibliographic Details
Main Author: Woodford, Susan
Format: Book
Language:English
Published: Cambridge [Cambridgeshire] ; New York : Cambridge University Press, 1982.
Series:Cambridge introduction to the history of art ; v. 1.
Subjects:

MARC

Tag First Indicator Second Indicator Subfields
LEADER 00000pam a2200000 a 4500
001 in00000075060
005 20151008060258.0
008 810603s1982 enka b 00110 eng
010 |a  81010091  
020 |a 0521232228 
020 |a 0521298733 (pbk.) 
035 |a (OCoLC)07578068 
035 |9 AAJ5458AM 
039 0 |a 2  |b 3  |c 3  |d 3  |e 3 
040 |a DLC  |c DLC  |d TXA  |d UtOrBLW 
043 |a e-it---  |a e-gr--- 
049 |a TXAM  |c [1805048] 
050 0 0 |a N5610  |b .W6 1982 
082 0 |a 709/.38  |2 19 
100 1 |a Woodford, Susan. 
245 1 4 |a The art of Greece and Rome /  |c Susan Woodford. 
264 1 |a Cambridge [Cambridgeshire] ;  |a New York :  |b Cambridge University Press,  |c 1982. 
300 |a 122 pages :  |b illustrations (some color) ;  |c 25 cm. 
336 |a text  |b txt  |2 rdacontent 
337 |a unmediated  |b n  |2 rdamedia 
338 |a volume  |b nc  |2 rdacarrier 
490 1 |a Cambridge introduction to the history of art ;  |v v. [1] 
500 |a Spine title: Greece and Rome. 
500 |a Includes index. 
504 |a Bibliography: page 120. 
650 0 |a Art, Classical. 
740 0 |a Greece and Rome. 
830 0 |a Cambridge introduction to the history of art ;  |v v. 1. 
999 |a MARS 
999 f f |s 1f9c7c0e-0138-3d2f-bc7a-2fede2f24a9a  |i 717ac96e-0eab-3ecd-9eb0-27d506b72f7d  |t 0 
952 f f |p normal  |a Texas A&M University  |b College Station  |c Sterling C. Evans Library  |d Evans: Library Stacks  |t 0  |e N5610 .W6 1982  |h Library of Congress classification  |i unmediated -- volume  |m A14806166186 
998 f f |a N5610 .W6 1982  |t 0  |l Evans: Library Stacks